| Tag |
First Indicator |
Second Indicator |
Subfields |
| LEADER |
00000cam a2200000La 4500 |
| 001 |
in00001578956 |
| 005 |
20220103182026.0 |
| 006 |
m u |
| 007 |
cr cn- |
| 008 |
001009s1992 cou sb 001 0 eng d |
| 010 |
|
|
|z 91045469
|
| 020 |
|
|
|a 0585186324 (electronic bk.) :
|c $25.00
|
| 020 |
|
|
|z 0872879402 (softbound)
|
| 035 |
|
|
|a (OCoLC)ocm44956557
|
| 040 |
|
|
|a N$T
|c N$T
|d OCL
|d UtOrBLW
|
| 049 |
|
|
|a IKMN
|
| 050 |
1 |
4 |
|a Z1037
|b .K485 1992eb
|
| 082 |
0 |
4 |
|a 016.80883/937
|2 20
|
| 100 |
1 |
|
|a Kies, Cosette N.,
|d 1936-
|0 http://id.loc.gov/authorities/names/n85336545
|
| 245 |
1 |
0 |
|a Supernatural fiction for teens :
|b more than 1300 good paperbacks to read for wonderment, fear, and fun /
|c Cosette Kies.
|
| 250 |
|
|
|a 2nd ed.
|
| 264 |
|
1 |
|a Englewood, Colo. :
|b Libraries Unlimited,
|c 1992.
|
| 300 |
|
|
|a ix, 267 pages ;
|c 24 cm.
|
| 336 |
|
|
|a text
|b txt
|2 rdacontent
|
| 337 |
|
|
|a computer
|b c
|2 rdamedia
|
| 338 |
|
|
|a online resource
|b cr
|2 rdacarrier
|
| 500 |
|
|
|a Includes indexes.
|
| 533 |
|
|
|a Electronic reproduction.
|b Boulder, Colo. :
|c NetLibrary,
|d 2000.
|n Available via the World Wide Web.
|n Available in multiple electronic file formats.
|n Access may be limited to NetLibrary affiliated libraries.
|
| 500 |
|
|
|a Electronic resource.
|
| 650 |
|
0 |
|a Best books.
|0 http://id.loc.gov/authorities/subjects/sh85013840
|
| 650 |
|
0 |
|a Supernatural in literature
|x Bibliography.
|
| 650 |
|
0 |
|a Young adult fiction
|v Bibliography.
|0 http://id.loc.gov/authorities/subjects/sh2008124360
|
| 650 |
|
0 |
|a Fantasy fiction
|v Bibliography.
|0 http://id.loc.gov/authorities/subjects/sh2008120250
|
| 650 |
|
0 |
|a Paperbacks
|v Bibliography.
|0 http://id.loc.gov/authorities/subjects/sh2010105049
|
| 655 |
|
7 |
|a Electronic books.
|2 local
|
| 710 |
2 |
|
|a NetLibrary, Inc.
|0 http://id.loc.gov/authorities/names/no99080690
|
| 776 |
1 |
|
|c Original
|w (DLC) 91045469
|w (OCoLC)25049055
|
| 856 |
4 |
1 |
|u https://proxy.library.tamu.edu/login?url=http://www.netLibrary.com/urlapi.asp?action=summary&v=1&bookid=22244
|z Connect to the full text of this electronic book
|t 0
|
| 994 |
|
|
|a 92
|b IKM
|
| 999 |
|
|
|a MARS
|
| 999 |
f |
f |
|s 6da762dd-1768-3449-8fb6-df3c02e9cadd
|i 17807864-01b5-3229-a950-5d5460acc4c0
|t 0
|
| 952 |
f |
f |
|a Texas A&M University
|b College Station
|c Electronic Resources
|d Available Online
|t 0
|e Z1037
|h Library of Congress classification
|
| 998 |
f |
f |
|a Z1037
|t 0
|l Available Online
|